00335cas a2200121 a 45000220014000000400011000140820026000252450020000512460025000712600051000963000031001474900035001780 a1080-4153 cAzPhMC00a954 DUS 1993 A113 Or.00aGlobal studies.30aIndia and South Asia aGuilford, Conn. :bDushkin Pub. Group,cc1993- av. :bill., maps ;c28 cm.1 aAn annual editions publication